000 01281nam a22004577a 4500
001 BR2011007609
003 BR-BrBNA
005 20230928103815.0
007 ta
008 230509b bl.||||| |||| 00| 0 por d
040 _aBR-BrBNA
_bpor
_cBiblioteca Nacional de Agricultura
041 _a(Por)
072 _aF01; E14
_b2480
090 _ 2480 BR2011007609
100 1 _aFrazão, D.A.C. (ed.)
100 1 _aCruz, E. de S. (ed.)
100 1 _aViégas, I. de J.M. (ed.)
110 1 _aEMBRAPA Amazônia Oriental, Belém, PA (Brasil)
245 1 _aSeringueira na Amazônia: situação atual e perpectivas
260 3 _aBelém, PA (Brasil):
_c2003.
300 _a290 p.
500 _aIncludes several bibliographies.; 28 illus.; 56 tables
650 _aSERINGUEIRA
650 _aPLANTA
650 _aHEVEICULTURA
650 _aHEVEA BRASILIENSIS
650 _aHISTÓRIA
650 _aPOLÍTICA
650 _aECONOMIA
650 _aPRODUTIVIDADE
650 _aCADEIA PRODUTIVA
650 _aCLIMATOLOGIA
650 _aMELHORAMENTO GENÉTICO VEGETAL
650 _aNUTRIÇÃO VEGETAL
650 _aADUBAÇÃO
650 _aDOENÇA DE PLANTA
650 _aENXERTO
650 _aDIRETRIZ
909 _a202309
_bLucia
_c55
_dLucia Elande
942 _cBK
999 _c76724
_d76724